000 00247nam a2200097Ia 4500
008 240331s9999 xx 000 0 und d
082 _bDEA
100 _aDe Alwis,M
245 0 _aMutthukkalai veesudel illangail pengalin wakkurimai iyekkam
942 _cL
999 _c1562
_d1562